LEADER 00857nam0 22002653i 450 001 996363550303316 005 20201103120214.0 100 $a19910925d1985----||||0itac50 ba 101 $aita 102 $aIT 200 1 $aBibliografia di storia militare 1984-1985$fNicola Labanca 210 1 $aRoma$cFusa$d1985 215 $a18 p.$d24 cm 300 $aIn testa al frontespizio: Stato maggiore dell'esercito, Ufficio storico 300 $aSupplemento a: Studi storivo militari 1984 606 0 $aItalia$xStoria militare$xBibliografia$x1984-1985$2BNCF 676 $a355.00945 700 1$aLABANCA,$bNicola$0150117 801 0$aIT$bcba$bcba$gREICAT 912 $a996363550303316 951 $aXXXII.MISC. 41$b24199 E.C.$cXXXII.MISC.$d450810 959 $aBK 969 $aECO 996 $aBibliografia di storia militare 1984-1985$91760334 997 $aUNISA LEADER 01009nas 2200385 c 450 001 9910894176903321 005 20260218113039.0 035 $a(CKB)2670000000156093 035 $a(OCoLC)812213509 035 $a(DE-101)1024893979 035 $a(DE-599)ZDB2676390-4 035 $a(DE-599)2676390-4 035 $a(EXLCZ)992670000000156093 100 $a20120807a20109999 |y | 101 0 $aeng 135 $aur||||||||||| 181 $ctxt$2rdacontent 182 $cc$2rdamedia 183 $acr$2rdacarrier 200 00$aEducational research$eER 210 31$aSapele, Nigeria$cInternational Research Journals$d2010- 215 $aOnline-Ressource 300 $aGesehen am 07.08.12 311 08$a2141-5161 517 $aEducational Research 517 3 $aER 608 $aZeitschrift$2gnd-content 676 $a370 801 0$b0355 801 1$bDE-101 801 2$b9999 906 $aJOURNAL 912 $a9910894176903321 996 $aEducational research$91413613 997 $aUNINA